Tutorials in Patellofemoral Disorders (Запис № 445551)

МАРК-запис
000 -LEADER
fixed length control field 03951nam a22005775i 4500
001 - CONTROL NUMBER
control field 978-3-319-47400-7
003 - CONTROL NUMBER IDENTIFIER
control field DE-He213
005 - DATE AND TIME OF LATEST TRANSACTION
control field 20210118122236.0
007 - PHYSICAL DESCRIPTION FIXED FIELD--GENERAL INFORMATION
fixed length control field cr nn 008mamaa
008 - FIXED-LENGTH DATA ELEMENTS--GENERAL INFORMATION
fixed length control field 170405s2017 gw | s |||| 0|eng d
020 ## - INTERNATIONAL STANDARD BOOK NUMBER
International Standard Book Number 9783319474007
-- 978-3-319-47400-7
024 7# - OTHER STANDARD IDENTIFIER
Standard number or code 10.1007/978-3-319-47400-7
Source of number or code doi
050 #4 - LIBRARY OF CONGRESS CALL NUMBER
Classification number RD701-811
072 #7 - SUBJECT CATEGORY CODE
Subject category code MNS
Source bicssc
072 #7 - SUBJECT CATEGORY CODE
Subject category code MED065000
Source bisacsh
072 #7 - SUBJECT CATEGORY CODE
Subject category code MNS
Source thema
072 #7 - SUBJECT CATEGORY CODE
Subject category code MN
Source thema
082 04 - DEWEY DECIMAL CLASSIFICATION NUMBER
Classification number 617.47
Edition number 23
100 1# - MAIN ENTRY--PERSONAL NAME
Personal name Donell, Simon.
Relator term author.
Relator code aut
-- http://id.loc.gov/vocabulary/relators/aut
245 10 - TITLE STATEMENT
Title Tutorials in Patellofemoral Disorders
Medium [electronic resource] /
Statement of responsibility, etc by Simon Donell, Iain McNamara.
250 ## - EDITION STATEMENT
Edition statement 1st ed. 2017.
264 #1 -
-- Cham :
-- Springer International Publishing :
-- Imprint: Springer,
-- 2017.
300 ## - PHYSICAL DESCRIPTION
Extent IX, 136 p. 53 illus., 2 illus. in color.
Other physical details online resource.
336 ## -
-- text
-- txt
-- rdacontent
337 ## -
-- computer
-- c
-- rdamedia
338 ## -
-- online resource
-- cr
-- rdacarrier
347 ## -
-- text file
-- PDF
-- rda
505 0# - FORMATTED CONTENTS NOTE
Formatted contents note 13 year-old boy -- 16 year-old boy -- 15 year-old boy -- 19 year-old man -- 20 year-old woman.-21 year-old man -- 36 year-old woman -- 17 year-old boy -- 22 year-old woman -- 24 year-old man. - 73 year-old woman -- 34 year-old man -- 31 year-old man -- 42 year-old woman -- 74 year-old lady -- 54 year-old man.
520 ## - SUMMARY, ETC.
Summary, etc This book adopts a case-based approach to the management of patellofemoral disorders with the aim of helping orthopaedic surgeons at all levels of experience to decide whether individual patients referred with patellofemoral problems should be treated conservatively or operatively. A series of real-life case stories are used to illustrate every stage of the decision-making process and to explore the reader’s higher-order thinking around patient management. In each case study, the patient’s history, clinical and imaging findings, and management are reported, during the course of which the reader is asked searching questions. The reader is then able to compare his or her responses with those given by the authors, which are provided at the end of each case-specific chapter. This format ensures that knowledge and understanding improve as the reader progresses through the book. Although the cases are addressed primarily from the standpoint of the orthopaedic surgeon, the dominant management strategy is non-operative in many of them. Beyond surgeons, the book will also be of value for musculoskeletal physiotherapists with a particular interest in the knee.
506 ## - RESTRICTIONS ON ACCESS NOTE
Terms governing access Available to subscribing member institutions only. Доступно лише організаціям членам підписки.
506 ## - RESTRICTIONS ON ACCESS NOTE
Standardized terminology for access restriction Online access from local network of NaUOA.
506 ## - RESTRICTIONS ON ACCESS NOTE
Standardized terminology for access restriction Online access with authorization at https://link.springer.com/
506 ## - RESTRICTIONS ON ACCESS NOTE
Standardized terminology for access restriction Онлайн-доступ з локальної мережі НаУОА.
506 ## - RESTRICTIONS ON ACCESS NOTE
Standardized terminology for access restriction Онлайн доступ з авторизацією на https://link.springer.com/
650 #0 - SUBJECT ADDED ENTRY--TOPICAL TERM
Topical term or geographic name as entry element Orthopedics.
650 #0 - SUBJECT ADDED ENTRY--TOPICAL TERM
Topical term or geographic name as entry element Physiotherapy.
650 #0 - SUBJECT ADDED ENTRY--TOPICAL TERM
Topical term or geographic name as entry element Rheumatology.
650 14 - SUBJECT ADDED ENTRY--TOPICAL TERM
Topical term or geographic name as entry element Surgical Orthopedics.
-- http://scigraph.springernature.com/things/product-market-codes/H45027
650 24 - SUBJECT ADDED ENTRY--TOPICAL TERM
Topical term or geographic name as entry element Physiotherapy.
-- http://scigraph.springernature.com/things/product-market-codes/H78000
650 24 - SUBJECT ADDED ENTRY--TOPICAL TERM
Topical term or geographic name as entry element Rheumatology.
-- http://scigraph.springernature.com/things/product-market-codes/H33170
700 1# - ADDED ENTRY--PERSONAL NAME
Personal name McNamara, Iain.
Relator term author.
Relator code aut
-- http://id.loc.gov/vocabulary/relators/aut
710 2# - ADDED ENTRY--CORPORATE NAME
Corporate name or jurisdiction name as entry element SpringerLink (Online service)
773 0# - HOST ITEM ENTRY
Title Springer eBooks
776 08 - ADDITIONAL PHYSICAL FORM ENTRY
Display text Printed edition:
International Standard Book Number 9783319473994
776 08 - ADDITIONAL PHYSICAL FORM ENTRY
Display text Printed edition:
International Standard Book Number 9783319474014
856 40 - ELECTRONIC LOCATION AND ACCESS
Uniform Resource Identifier <a href="https://doi.org/10.1007/978-3-319-47400-7">https://doi.org/10.1007/978-3-319-47400-7</a>
912 ## -
-- ZDB-2-SME
942 ## - ADDED ENTRY ELEMENTS (KOHA)
Koha item type ЕКнига

Немає доступних примірників.